| 000 | 00531pab a2200169 454500 | ||
|---|---|---|---|
| 008 | 180718b2006 xxu||||| |||| 00| 0 eng d | ||
| 100 | _aAdhikary, Maniklal | ||
| 245 | _aManufacturing sector productivity in West Bengal across phases of liberalisation during 1981-97 | ||
| 260 | _c2006 | ||
| 300 | _ap.1-14. | ||
| 362 | _aJan-Jun | ||
| 650 | _aWest Bengal - Manufacturing industries | ||
| 650 | _aManufacturing industry | ||
| 700 | _aMazumder, Ritwik | ||
| 773 | _aJournal of Social and Economic Development | ||
| 909 | _a71842 | ||
| 999 |
_c71842 _d71842 |
||